Commentary on BS 7671 (Record no. 37780)

MARC details
000 -LEADER
fixed length control field 00579nam a2200169 a 4500
008 - FIXED-LENGTH DATA ELEMENTS--GENERAL INFORMATION
fixed length control field 120416s0000 ||||||||||||||||| || u
020 ## - INTERNATIONAL STANDARD BOOK NUMBER
International Standard Book Number 0863413161
050 ## - LIBRARY OF CONGRESS CALL NUMBER
Classification number TK 4255 Coo
100 ## - MAIN ENTRY--PERSONAL NAME
Personal name Cook, Paul
245 10 - TITLE STATEMENT
Title Commentary on BS 7671
246 ## - VARYING FORM OF TITLE
Title proper/short title 1992 requirements for electrical installations
250 ## - EDITION STATEMENT
Edition statement 16th ed.
260 ## - PUBLICATION, DISTRIBUTION, ETC.
Place of publication, distribution, etc. London
Name of publisher, distributor, etc. Peter Peregrinus
Date of publication, distribution, etc. 1997
300 ## - PHYSICAL DESCRIPTION
Extent xii, 395p. : ill.
350 ## - PRICE (NR) (BK AM CF MU VM SE) [OBSOLETE]
Price 0.00
995 ## - RECOMMENDATION 995 [LOCAL, UNIMARC FRANCE]
-- 0.00
-- CBU-MAIN LIBRARY (Kitwe)
-- 1
-- 35.00
-- 1
-- AVAILABLE
-- Annex Low-Usage Collection
Holdings
Withdrawn status Lost status Source of classification or shelving scheme Damaged status Not for loan Home library Current library Shelving location Date acquired Total Checkouts Full call number Barcode Date last seen Price effective from Koha item type
          CBU-MAIN LIBRARY, KITWE. CBU-MAIN LIBRARY, KITWE.   11/30/2022   TK 4255 Coo 46424 11/30/2022 11/30/2022 MONOGRAPH